• 首页
  • 本馆介绍
  • 公告通知
  • 最新文献
  • 馆藏检索
  • 电子资源
  • 读者导购
  • 参考咨询
  • 我的图书馆
  • 登录
  • 详细信息显示
  • 放入我的书架
  • 预约/预借图书
  • 作者相关作品
  • 分类相关作品
  • 丛书相关作品
  • 出版社相关作品

书目信息

  • 表格格式
  • 工作单格式
  • 卡片格式
题名:
形体训练
    
 
作者: 张桂兰 主编
分册:  
出版信息: 北京   国防工业出版社  2010
页数: 158页
开本: 26cm
丛书名:
单 册:
中图分类: G831.3
科图分类:
主题词: 健身运动--教材 , 健身运动
电子资源:
ISBN: 978-7-118-06536-7
000 00820nam0 2200253 45
001 1130746921
005 20110310094058.82
010    @a978-7-118-06536-7@dCNY25.00
100    @a20110122d2010 em y0chiy50 ea
101 0  @achi
102    @aCN@b110000
105    @aa z 000yy
106    @ar
200 1  @a形体训练@AXing Ti Xun Lian@f张桂兰主编@FZhang Gui Lan Zhu Bian
210    @a北京@c国防工业出版社@d2010
215    @a158页@c图@d26cm
300    @a民航运输类专业“十一五”规划教材
330    @a本书分为理论篇和实践篇两篇,共十一章,内容包括:形体训练概述、形体美的评价、健康与肥胖、基本素质练习、基本姿态控制联系等。
606 0  @a健身运动@j教材
606 0  @a健身运动
690    @aG831.3@v4
701  0 @a张桂兰@AZhang Gui Lan@4主编
801  0 @aCN@bTANGWEI@c20110310
905    @b0532007-10@dG831.3@e104@f4
    
    形体训练/张桂兰主编.-北京:国防工业出版社,2010
    158页:图;26cm
    民航运输类专业“十一五”规划教材
    
    ISBN 978-7-118-06536-7:CNY25.00
    本书分为理论篇和实践篇两篇,共十一章,内容包括:形体训练概述、形体美的评价、健康与肥胖、基本素质练习、基本姿态控制联系等。
●
相关链接 在E读中查询图书 在五车中查询图书 在当当中查询图书 在豆瓣中查询图书


正题名:形体训练     索取号:G831.3/104         预约/预借

序号 登录号 条形码 馆藏地/架位号 状态 备注
1 0532007   205320071   第一样本阅览室/ [索取号:G831.3/104] 在馆    
2 0532008   205320080   第四借阅区/ [索取号:G831.3/104] 在馆    
3 0532009   205320099   第四借阅区/ [索取号:G831.3/104] 在馆    
4 0532010   205320106   密集书库-体育系/ [索取号:G831.3/104] 在馆    
唐山师范学院图书馆 欢迎您!
大连网信软件有限公司© 版权所有